MARC

LEADER 00000nam0a2200000 4500
001 289394
005 20231102000201.0
035 |a (RuTPU)RU\TPU\book\313900 
090 |a 289394 
100 |a 20150401d1966 k y0rusy50 ca 
101 0 |a rus 
102 |a RU 
105 |a y z 001zy 
200 1 |a Теория генетической информации (теоретический и экспериментальный очерк)  |f Н. Н. Жуков-Вережников 
210 |a Москва  |c Мысль  |d 1966 
215 |a 320 с.  |c ил. 
320 |a Библиогр.: с. 306-318. 
606 1 |a Генетический код  |2 stltpush  |3 (RuTPU)RU\TPU\subj\5880  |9 33867 
610 1 |a генетическая информация 
610 1 |a теория 
610 1 |a философия 
610 1 |a наследственная информация 
610 1 |a изменчивость 
610 1 |a системы регуляции 
675 |a 575.1  |v 3 
700 1 |a Жуков-Вережников  |b Н. Н.  |g Николай Николаевич 
801 1 |a RU  |b 63413507  |c 20150401 
801 2 |a RU  |b 63413507  |c 20150522  |g RCR 
942 |c BK